000 00408nam a2200181Ia 4500
001 13519
005 20260306164807.0
008 260306t2006||||xx |||||||||||||| ||spa||
041 _aESP
082 _a004.6
_bH18 2006
100 _aHalsall, Fred
_eAUT
245 0 _aRedes de computadores e internet
260 _c2006
300 _a
_c
650 _aGEN
654 _aCCC
942 _cLIB
_dJUS
_fJUS
_2ddc
_n
999 _c13519
_d13519